00298 a2200133 450000100060000002000170000604000240002310000260004724000220007324500170009530000070011236200090011965000360012870357 a978140955141 cAnchieta - Itaigara aUsborn publishing Ltd10aLook and saylIng10aLook and say a120 a2012 4aLiteratura infantil em inglês